| 000 | 00555nam a2200181Ia 4500 | ||
|---|---|---|---|
| 999 |
_c7597 _d7597 |
||
| 003 | OSt | ||
| 005 | 20200514110951.0 | ||
| 008 | 190216s9999||||xx |||||||||||||| ||und|| | ||
| 020 | _a9788127253493 | ||
| 040 | _coclc | ||
| 082 |
_a332.10688 _bGUP/F |
||
| 100 |
_a Gupta, Shashi K _91007 |
||
| 245 | 0 |
_aFinancial Services / _cShashi K Gupta; Nisha Aggarwal |
|
| 260 |
_bKalyani Publishers, _c2008. _aNew Delhi: |
||
| 300 | _a109p | ||
| 650 | 0 |
_aSocial sciences _vEconomics _91086 |
|
| 942 |
_cBK _2ddc _h332.10688 _iGUP/F _k332.10688 _mGUP/F |
||